〈どうぶつの森〉捕まえられる虫の種類 - Statistics

General Stats
  • This quiz has been taken 235 times
  • The average score is 38 of 80
Answer Stats
図鑑 出現 答え 売値
(ベル)
% Correct
73 空中 130
97%
1 空中 モンシロチョウ 160
92%
62 ヤシ カブトムシ 1350
87%
25 木の中 ハチ 2500
79%
2 空中 モンキチョウ 160
78%
3 空中 アゲハチョウ 240
78%
13 街灯 130
76%
22 カマキリ 430
73%
69 食べ物 アリ 80
73%
65 ヤシ ヘラクレスオオカブト 12000
71%
72 ゴミ ハエ 60
70%
74 住民 ノミ 70
70%
34 空中 オニヤンマ 4500
69%
38 水面 アメンボ 130
68%
76 ダンゴムシ 250
66%
79 地上 タランチュラ 8000
65%
80 地上 サソリ 8000
64%
23 ハナカマキリ 2400
62%
50 雪玉 フンコロガシ 3000
62%
56 ミヤマクワガタ 1000
62%
57 オオクワガタ 10000
61%
24 花周辺 ミツバチ 200
60%
55 ノコギリクワガタ 2500
60%
27 ミンミンゼミ 300
59%
77 ムカデ 300
59%
71 岩礁 フナムシ 200
57%
26 アブラゼミ 250
56%
78 木の中 クモ 600
56%
17 地上 トノサマバッタ 600
55%
75 雨の日 カタツムリ 250
55%
43 てんとう虫 200
52%
63 ヤシ コーカサスオオカブト 8000
52%
68 木の中 ミノムシ 600
52%
33 空中 ギンヤンマ 230
50%
37 地中 オケラ 500
50%
40 水面 タガメ 2000
49%
70 砂浜 ヤドカリ 1000
49%
16 地上 ショウリョウバッタ 200
48%
32 空中 アキアカネ 180
48%
41 カメムシ 120
47%
4 空中 カラスアゲハ 2500
46%
28 クマゼミ 500
45%
39 水面 ゲンゴロウ 800
45%
20 地上 コオロギ 130
44%
29 ツクツクホウシ 400
43%
53 カナブン 200
43%
58 ニジイロクワガタ 6000
42%
7 空中 オオムラサキ 3000
41%
9 空中 モルフォチョウ 4000
41%
30 ヒグラシ 550
41%
64 ヤシ ゾウカブト 8000
40%
44 地上 ハンミョウ 1500
38%
60 ヤシ オウゴンオニクワガタ 12000
38%
19 地上 キリギリス 160
36%
61 ヤシ ギラファノコギリクワガタ 12000
36%
21 地上 スズムシ 430
35%
66 ナナフシ 600
35%
14 ヨナグニサン 3000
34%
31 セミのぬけがら 10
34%
46 切り株 バイオリンムシ 450
34%
47 切り株 ゴマダラカミキリ 350
34%
52 プラチナコガネ 10000
34%
45 切り株 タマムシ 2400
32%
35 空中 イトトンボ 500
31%
42 ジンメンカメムシ 1000
31%
67 根本 コノハムシ 600
31%
5 空中 アオスジアゲハ 300
29%
12 空中 アレキサンドラトリバネアゲハ 4000
29%
18 地上 イナゴ 400
29%
6 空中 オオゴマダラ 1000
27%
36 川周辺 ホタル 300
27%
48 切り株 ルリボシカミキリ 3000
27%
10 空中 ミイロタテハ 3000
24%
54 ヤシ ゴライアスオオツノハナムグリ 8000
24%
11 空中 アカエリトリバネアゲハ 2500
23%
8 空中 オオカバマダラ 140
19%
59 ヤシ ホソアカクワガタ 8000
18%
51 地上 オオセンチコガネ 300
17%
15 空中 ニシキオオツバメガ 2500
13%
49 ヤシ ホウセキゾウムシ 800
11%
No matching quizzes found
Score Distribution
Percent of People with Each Score
Percentile by Number Answered
Your Score History
You have not taken this quiz